000
00264nam a22001097a 4500
041
_a
ENG
245
_a
Proceedings Of xxxvll Isae Annual Convention And Symposium Vol 1
260
_a
New Delhi
_b
ISAE
_c
2003
300
_a
569
650
_a
GAE (37)
856
_u
GAE (37)
999
_c
3155
_d
3155